Escrits filosòfics / Denis Diderot ; traducció de Santiago Albertí ; edició a cura de Francesc Espinet ; pròleg de Ramon Xirau
Descripción Física:
265 p. ; 19 cm
Colección:
Clàssics del pensament modern ; 4
Materias:
Filosofia francesa
MARC
| LEADER | 00000nam a2200000Ia 4500 | ||
|---|---|---|---|
| 001 | 1223 | ||
| 008 | 160829s1983 xx 000 0 cat d | ||
| 080 | |a F-1-12 | ||
| 100 | |a Diderot, Denis |9 26384 | ||
| 245 | |a Escrits filosòfics / Denis Diderot ; traducció de Santiago Albertí ; edició a cura de Francesc Espinet ; pròleg de Ramon Xirau | ||
| 260 | |a Barcelona : |b Edicions 62 : |b Diputació de Barcelona, |c 1983 | ||
| 300 | |a 265 p. ; |c 19 cm | ||
| 490 | |a Clàssics del pensament modern ; 4 | ||
| 650 | |a Filosofia francesa |9 26385 | ||
| 700 | 1 | |a Albertí, Santiago |9 20716 | |
| 700 | 1 | |a Espinet, Francesc |9 26386 | |
| 700 | |a Xirau, Ramon, pr. I |9 26387 | ||
| 710 | 1 | |a Barcelona (Catalunya : Província). |b Diputació |9 52408 | |
| 901 | |a Arxiu | ||
| 942 | |n 1 | ||
| 952 | |0 0 |1 0 |4 0 |6 F112 |7 1 |9 43972 |a Arxiu |b Arxiu |d 2016-12-01 |l 0 |o F-1-12 |p 1223 |r 2016-12-01 00:00:00 |w 2016-12-01 |y ARXIU | ||
| 999 | |c 46552 |d 46552 | ||